000 00303nam a2200109Ia 4500
008 240731s9999 xx 000 0 und d
245 0 _aAnnals and Magazine of Natural History : Series 3
260 _bTaylor & Francis
856 _uhttps://www.tandfonline.com/loi/tnah09
942 _2ddc
942 _cTFEJ
999 _c75311
_d75311
945 _a1
_bMadushi Gamage
_c1
_dMadushi Gamage